Movies of 2020 - Statistics

General Stats
  • This quiz has been taken 65 times
  • The average score is 7 of 37
Answer Stats
Star Movie % Correct
Margot Robbie Birds of Prey (And the Fantabulous Emancipation of One Harley Quinn)
54%
Gal Gadot Wonder Woman 1984
42%
Robert Downey Jr. Dolittle
40%
Jim Carrey Sonic the Hedgehog
38%
Will Smith Bad Boys for Life
35%
John David Washington Tenet
33%
Tom Holland Onward
29%
Jamie Foxx Soul
29%
Harrison Ford The Call of the Wild
25%
Tom Hanks Greyhound
23%
Elisabeth Moss The Invisible Man
23%
Anya Taylor-Joy The New Mutants
21%
Gary Oldman Mank
19%
Yifei Liu Mulan
19%
Justin Timberlake Trolls World Tour
17%
Vin Diesel Bloodshot
15%
Lucy Hale Fantasy Island
15%
Matthew McConaughey The Gentlemen
15%
Sacha Baron Cohen The Trial of the Chicago 7
15%
Keanu Reeves Bill & Ted Face the Music
13%
Carey Mulligan Promising Young Woman
13%
Josh Gad Artemis Fowl
12%
Will Ferrell Downhill
12%
Andrea Riseborough The Grudge
12%
Kumail Nanjiani The Lovebirds
12%
Blake Lively The Rhythm Section
12%
Sophia Lillis Gretel & Hansel
8%
Kristen Stewart Happiest Season
8%
Jesse Plemons I'm Thinking of Ending Things
8%
Zac Efron Scoob!
8%
Ryan Reynolds The Croods: A New Age
8%
LaKeith Stanfield The Photograph
8%
Anne Hathaway The Witches
8%
Janelle Monáe Antebellum
6%
Riley Keough The Lodge
4%
Peter Capaldi The Personal History of David Copperfield
2%
Kotaro Daigo Weathering with You
2%
No matching quizzes found
Score Distribution
Percent of People with Each Score
Percentile by Number Answered
Your Score History
You have not taken this quiz